00977nam a22002177a 4500999001700000003000900017008004100026040007100067082002400138110003200162245013100194260003200325300002800357505017900385650001800564650001500582650002100597942001600618945002100634952010400655 c13069d13069AR-CdUCM190411b ||||| |||| 00| 0 spa d aMUNICIPALIDAD PROVINCIAL DEL CUSCOcBIBLIOTECA MUNICIPAL DEL CUSCO a060 / bM533 / 1939 aRotary international931263 aMemoria de las actividades desarrolladas por el Dr. Manuel Galigarcia gobernador del distrito Nº 25 de Rotary International / aHabana :bFernandez,c1939. a245 páginas ;c22 cm. aContenido: Asamblea del distrito celebrada en placetas, programa general -- Asamblea extraordinaria celebrada en victoria de las tunas -- Visita del gobernador a los clubs... aRotary931264 aCuba91821 aAsambleas917131 2ddccLIBROS adavvd11/04/2019 002ddc4070aSCAbSCAcCARTd2019-04-11g20.00o060 / M533 / 1939pSCA0002628r2019-04-11yLIBROS